Statistics for Closest Capital City Pairs #3

Click here to take the quiz!

General Stats

  • This quiz has been taken 452 times
  • The average score is 11 of 20

Answer Stats

capitalnearest other% Correct
OsloStockholm
93%
Sana'aDjibouti
75%
San JoséManagua
72%
BaghdadKuwait City
69%
RabatLisbon
69%
AlgiersTunis
69%
BudapestBratislava
66%
Colombo/Sri KotteMalé
61%
NaypyidawVientiane
61%
AshgabatTehran
59%
DushanbeTashkent
58%
TehranBaku
55%
KhartoumAsmara
49%
OuagadougouNiamey
49%
MaputoMbabane
44%
LusakaHarare
42%
ApiaNuku'alofa
36%
PalikirYaren
33%
YaoundéMalabo
32%
CaracasSt George's
32%

Score Distribution

Percentile by Number Answered

Percent of People with Each Score

Your Score History

You have not taken this quiz